000 00609nam a2200241Ia 4500
003 OSt
005 20230331102012.0
008 210423s2009 xx 000 0 und d
020 _a9780070153318
040 _cAL
041 _aeng
082 _a332 GURS
100 _aGURUSAMY (S)
_980642
245 _aFinancial markets and institutions
250 _a3
260 _aNew Delhi
_bTata McGraw-hill
_c2009
300 _axxvi,999
_bPB
365 _b350
_cINR
650 _aEconomics
_980643
650 _aFinancial Economics
_980644
906 _aFinancial ; institutions ; markets
942 _2ddc
_cBK
999 _c157692
_d157692